000
00254nam a2200097Ia 4500
001
720145
005
20250826163226.0
008
250824s9999 xx 000 0 und d
245
0
_a
MUHTEŞEM YÜKSELİŞ
_c
DURAN ÇETİN
260
_b
KARATAY AKADEMİ YAYINLARI
999
_c
720145
_d
720145